LEADER 01661nam 2200385Ia 450 001 996387396903316 005 20200818221052.0 035 $a(CKB)4940000000084707 035 $a(EEBO)2240939706 035 $a(OCoLC)ocm24370894e 035 $a(OCoLC)24370894 035 $a(EXLCZ)994940000000084707 100 $a19910913d1603 uy | 101 0 $aeng 135 $aurbn||||a|bb| 200 14$aThe Catholikes supplication vnto the Kings Maiestie, for toleration of Catholike religion in England$b[electronic resource] $ewith short notes or animaduersions in the margine : whereunto is annexed parallel-wise, a supplicatorie counterpoyse of the Protestants, vnto the same Most Excellent Maiestie : together with the reasons of both sides, for and against toleration of diuers religions 210 $aAt London $cImprinted by Felix Kyngston, for Edmund Weauer, and are to be solde at his shop, at the great North doore of Paules Church$d1603 215 $a[3], 6-39 p 300 $aDedication signed: Gabriel Powel. 300 $aSignatures: [A]?(-[A]1) B-E?. 300 $aReproduction of original in the Harvard University Library. 330 $aeebo-0062 606 $aCatholics$zEngland 606 $aProtestants$zEngland 607 $aGreat Britain$xChurch history$y17th century 615 0$aCatholics 615 0$aProtestants 700 $aPowel$b Gabriel$f1576-1611.$0947308 801 0$bEBL 801 1$bEBL 801 2$bWaOLN 906 $aBOOK 912 $a996387396903316 996 $aThe Catholikes supplication vnto the Kings Maiestie, for toleration of Catholike religion in England$92353114 997 $aUNISA LEADER 03572nam 22008055 450 001 996465569603316 005 20230329185506.0 010 $a3-642-31585-2 024 7 $a10.1007/978-3-642-31585-5 035 $a(CKB)3400000000085376 035 $a(SSID)ssj0000697448 035 $a(PQKBManifestationID)11439823 035 $a(PQKBTitleCode)TC0000697448 035 $a(PQKBWorkID)10690377 035 $a(PQKB)11692504 035 $a(DE-He213)978-3-642-31585-5 035 $a(MiAaPQ)EBC3070795 035 $a(PPN)168319772 035 $a(EXLCZ)993400000000085376 100 $a20120623d2012 u| 0 101 0 $aeng 135 $aurnn#008mamaa 181 $ctxt 182 $cc 183 $acr 200 10$aAutomata, Languages, and Programming$b[electronic resource] $e39th International Colloquium, ICALP 2012, Warwick, UK, July 9-13, 2012, Proceedings, Part II /$fedited by Artur Czumaj, Kurt Mehlhorn, Andrew Pitts, Roger Wattenhofer 205 $a1st ed. 2012. 210 1$aBerlin, Heidelberg :$cSpringer Berlin Heidelberg :$cImprint: Springer,$d2012. 215 $a1 online resource (700 p. 51 illus.) 225 1 $aTheoretical Computer Science and General Issues,$x2512-2029 ;$v7392 300 $aBibliographic Level Mode of Issuance: Monograph 311 $a3-642-31584-4 320 $aIncludes bibliographical references and index. 330 $aThis two-volume set of LNCS 7391 and LNCS 7392 constitutes the refereed proceedings of the 39th International Colloquium on Automata, Languages and Programming, ICALP 2012, held in Warwick, UK, in July 2012. The total of 123 revised full papers presented in this volume were carefully reviewed and selected from 432 submissions. They are organized in three tracks focussing on algorithms, complexity and games; logic, semantics, automata and theory of programming; and foundations of networked computation. 410 0$aTheoretical Computer Science and General Issues,$x2512-2029 ;$v7392 606 $aAlgorithms 606 $aComputer science 606 $aComputer networks 606 $aInformation storage and retrieval systems 606 $aApplication software 606 $aComputer science?Mathematics 606 $aDiscrete mathematics 606 $aAlgorithms 606 $aTheory of Computation 606 $aComputer Communication Networks 606 $aInformation Storage and Retrieval 606 $aComputer and Information Systems Applications 606 $aDiscrete Mathematics in Computer Science 615 0$aAlgorithms. 615 0$aComputer science. 615 0$aComputer networks. 615 0$aInformation storage and retrieval systems. 615 0$aApplication software. 615 0$aComputer science?Mathematics. 615 0$aDiscrete mathematics. 615 14$aAlgorithms. 615 24$aTheory of Computation. 615 24$aComputer Communication Networks. 615 24$aInformation Storage and Retrieval. 615 24$aComputer and Information Systems Applications. 615 24$aDiscrete Mathematics in Computer Science. 676 $a005.1 702 $aCzumaj$b Artur$4edt$4http://id.loc.gov/vocabulary/relators/edt 702 $aMehlhorn$b Kurt$4edt$4http://id.loc.gov/vocabulary/relators/edt 702 $aPitts$b Andrew$4edt$4http://id.loc.gov/vocabulary/relators/edt 702 $aWattenhofer$b Roger$4edt$4http://id.loc.gov/vocabulary/relators/edt 906 $aBOOK 912 $a996465569603316 996 $aAutomata, languages and programming$9339738 997 $aUNISA